[Event "Pamplona"]
[Site "Pamplona"]
[Date "1999.??.??"]
[Round "2"]
[White "Short, Nigel D"]
[Black "Magem Badals, Jordi"]
[Result "1-0"]
[WhiteElo "2675"]
[BlackElo "2525"]
[Annotator "McShane,L"]
[PlyCount "63"]
[EventDate "1999.12.27"]
[EventType "tourn"]
[EventRounds "9"]
[EventCountry "ESP"]
[EventCategory "15"]
[SourceTitle "CBM 075"]
[Source "ChessBase"]
[SourceDate "2000.04.05"]
[SourceVersion "1"]
[SourceVersionDate "2000.04.05"]
[SourceQuality "1"]

1. e4 c5 2. Nc3 e6 3. Nf3 Nc6 4. d4 cxd4 5. Nxd4 Qc7 6. Be2 a6 7. O-O Nf6 8.
Kh1 Nxd4 9. Qxd4 Bc5 10. Qd3 b5 11. f4 Bb7 12. Bf3 h5 13. Bd2 Ng4 14. Qe2 g6 {
The kingside holes look ugly.} 15. Rac1 ({The point of 14...g6 is} 15. Bxg4
hxg4 16. Qxg4 b4 17. Ne2 Bxe4 {but it still looks contrived.}) 15... Rc8 16. a3
f5 17. h3 {White doesn't get carried away trying to blast open the centre to
catch the black king. That would make Black's bishops work powerfully against
White's own king. Instead he supports the centre and slowly pushes Black back.}
Kf7 18. Rcd1 Qb6 19. Be1 Rc7 (19... Ne3 20. Rxd7+ Ke8 21. Rg7 Nxf1 22. Qxf1 {
and Black's pawn structure and vulnerable king look unattractive}) 20. exf5
gxf5 21. Bxb7 Qxb7 22. Rf3 Nf6 {White has protected his position and now
slowly infiltrates the weakened black position.} 23. Bh4 Ne4 24. Nxe4 Qxe4 25.
Qd2 Rhc8 26. Re1 Qc6 27. Rg3 Qd6 28. Rd3 Qc6 29. Qe2 Rh8 30. Qe5 $1 Rg8 31.
Qf6+ Ke8 32. Bg5 {Black is paralysed against the multiple threats of Qf6-h6-h5,
Qf6-f5 and even sometimes Rxd7!? and Rxe6.} 1-0

[Event "EU-chT (Men) 12th"]
[Site "Batumi"]
[Date "1999.11.29"]
[Round "1.4"]
[White "Ponomariov, Ruslan"]
[Black "Ivanisevic, Ivan"]
[Result "1-0"]
[WhiteElo "2616"]
[BlackElo "2447"]
[Annotator "Meulders,R"]
[PlyCount "91"]
[EventDate "1999.11.06"]
[EventType "team-swiss"]
[EventRounds "9"]
[EventCountry "GEO"]
[SourceTitle "CBM 074"]
[Source "ChessBase"]
[SourceDate "2000.02.01"]
[SourceVersion "1"]
[SourceVersionDate "2000.02.01"]
[SourceQuality "1"]
[WhiteTeam "Ukraine"]
[BlackTeam "Yugoslavia"]
[WhiteTeamCountry "UKR"]
[BlackTeamCountry "YUG"]

1. e4 c5 2. Nf3 Nc6 3. d4 cxd4 4. Nxd4 Qc7 5. Nc3 e6 6. Ndb5 {Ein weisser Rabe
in der (Gross)meisterpraxis.} Qb8 7. Be3 a6 8. Bb6 {Eine interessante und
scharfe Variante.} ({Der meistgespielte Zug an dieser Stelle ist} 8. Nd4 {
Ein rezenter Beispiel:...} Qc7 9. Be2 Nf6 10. O-O Bb4 11. f3 O-O 12. Na4 b5 13.
Nxc6 Qxc6 14. a3 Bd6 15. Nc3 Bb7 16. Qd2 Qc7 17. g3 Be5 18. Bd4 d5 19. exd5
Nxd5 20. Nxd5 Bxd5 21. c3 $11 {0-1 Paul Tomillo,J-Magem Badals,J/Palencia 1999/
CBM 71 ext (34)}) 8... axb5 9. Nxb5 Bb4+ (9... Be7 $2 10. Bc7 Ra4 11. Bxb8
Rxe4+ 12. Be2 Nxb8 13. Na7 Kd8 14. Qd3 Nf6 15. a3 Nc6 16. Nxc6+ $18 {1/2-1/2
Quinta,D-Kukovec,B/Murek 1998/CBM 65 ext (31)}) 10. c3 Ba5 11. Nc7+ Kf8 $2 ({
Ich glaube der einzig spielbare Zug hier ist} 11... Qxc7 $1 {Nach} 12. Bxc7
Bxc7 {hat Schwarz drei Leichtfiguren gegen Dame und Bauern und wenn er seine
Figuren aktivieren kann, besitzt er die besseren Chancen, z.B.} 13. Qg4 Kf8 (
13... g6 14. Bc4 Nge7 15. Qe2 O-O 16. O-O f5 $6 (16... d5 17. exd5 exd5 18. Bb3
Be5 19. Rad1 Be6 20. f4 Bg7 21. g4 $16) 17. f3 Ra5 18. b4 Re5 19. Bd3 Bb6+ 20.
Kh1 f4 21. Qc2 d5 22. a4 $14 {1-0 Ponomariov,R-Al Modiahki,M/Las Vegas 1999/
CBM 72/[Ribli] (22)}) 14. f4 Nf6 15. Qf3 d5 16. e5 Ne4 17. Bd3 Nc5 $11 {
0-1 Pyhala,A-Kanko,I/FIN 1995/EXT 98 (79)}) 12. Nxa8 Qxa8 13. Qd6+ (13. Qa4 $4
Bxc3+ $19) 13... Nge7 14. Qa3 {Dank dieser Fesselung erhält Weiss grossen
Vorteil.} f5 (14... Qb8 15. Bxa5 Qe5 16. Bb6 Qxe4+ 17. Be3 f5 18. O-O-O $18 {
1-0 Ganguly,S-Kabir,S/Calcutta 1999/CBM 69 ext (54)}) 15. b4 fxe4 16. bxa5 $18
Kf7 17. Qd6 Nd5 18. Bc4 Nxb6 19. axb6 Qa5 20. O-O Qxc3 21. Rac1 Qd4 22. Qxd4 $2
{Hier konnte Weiss seinen Gegner sofort fertigmachen:} (22. Bxe6+ $1 dxe6 23.
Rxc6 $18) 22... Nxd4 23. Rfd1 Nf5 24. g4 $16 Ne7 25. Bb5 Nd5 26. Rc2 Nxb6 27.
Rdc1 d5 28. Rc7+ Kf6 29. a4 e5 30. a5 Nc4 31. Bxc4 dxc4 32. R1xc4 $18 Bxg4 33.
Rxb7 Bf3 34. Rc6+ Kg5 35. Rxg7+ Kh5 36. Rc1 Kh6 37. Rg3 Ra8 38. Ra1 Ra6 39. Kf1
Kh5 40. Ke1 Kh4 41. Kd2 Rd6+ 42. Kc3 Be2 43. Kb4 Rf6 44. Ra2 Bd3 (44... Rxf2
45. Re3) 45. Kc5 Ra6 46. Kd5 1-0

[Event "Petrosian Memorial"]
[Site "Moscow"]
[Date "1999.06.20"]
[Round "3"]
[White "Hort, Vlastimil"]
[Black "Taimanov, Mark E"]
[Result "1/2-1/2"]
[WhiteElo "2526"]
[BlackElo "2424"]
[Annotator "Meulders,R"]
[PlyCount "38"]
[EventDate "1999.06.??"]
[EventType "tourn"]
[EventRounds "9"]
[EventCountry "RUS"]
[EventCategory "11"]
[SourceTitle "CBM 072"]
[Source "ChessBase"]
[SourceDate "1999.10.01"]
[SourceVersion "1"]
[SourceVersionDate "1999.10.01"]
[SourceQuality "1"]

1. e4 c5 2. Nf3 e6 3. d4 cxd4 4. Nxd4 Nc6 {Taimanov versäumt natürlich keine
Gelegenheit um die Lebensfähigkeit seiner Variante zu beweisen.} 5. Nc3 (5. Nb5
{führt meistens zu Igelstellungen.}) 5... a6 6. f4 ({Für die Folgen von} 6.
Nxc6 bxc6 7. Bd3 {cf. die ausführliche Analyse von Ribli bei Reinderman,
D-Ivanchuk,V/Wijk aan Zee 1999/CBM 69/ (11)}) 6... Qc7 7. Nxc6 Qxc6 8. Bd3 b5
9. Qe2 Bb7 10. Bd2 Be7 11. a3 Rc8 (11... h5 $6 12. O-O-O Nf6 13. Kb1 O-O-O (
13... Rc8 14. Rhe1 Qb6 15. e5 Nd5 16. Nxd5 Bxd5 17. f5 Qd4 18. h3 Bh4 19. fxe6
Bxe6 20. Qe4 Qd5 21. Qxd5 Bxd5 22. Re2 $11 {1-0 De Vreugt,D-Halkias,S/Murek
1998/CBM 65 ext (52)}) 14. e5 Nd5 15. Nxd5 Qxd5 16. Ba5 Rde8 17. Rd2 Qc6 18.
Rhd1 Bd8 19. Bb4 Be7 20. Qe3 Bxb4 21. axb4 $16 {1-0 Skripchenko,A-Botsari
Miladinovic,A/Erevan 1996/EXT 97 (39)}) (11... Qb6 $6 12. Be3 Qc7 13. e5 g6 $6
(13... d6) 14. O-O h5 15. Qf2 Nh6 16. Bb6 Qc8 17. Ne4 $16 {1-0 Van Haastert,
E-De Boer,S/Wijk aan Zee 1997/CBM 60 ext (42)}) (11... Qc7 12. O-O-O Nf6 13. e5
Nd5 14. Nxd5 Bxd5 15. f5 Qc6 16. Rhf1 Bxg2 17. Rf2 Bd5 18. fxe6 dxe6 19. Rdf1
Rf8 (19... O-O 20. Bxh7+ Kxh7 21. Qh5+ Kg8 22. Rxf7 $18) 20. Bxh7 Qc4 21. Qxc4
Bxc4 22. Be4 $15 {0-1 Galliamova Ivanchuk,A-Kobalija,M/St. Petersburg 1998/CBM
67 noVC (45)}) 12. O-O Nf6 (12... h5 13. f5 Nf6 14. fxe6 dxe6 15. Kh1 h4 16.
Rf3 Bd6 17. Nxb5 Be5 18. Na7 Qc7 19. Nxc8 Bxc8 20. Bxa6 $18 {1-0 Van
Blitterswijk,S-Riemersma,L/NLD-chT 1996/EXT 99 (27)}) 13. e5 Nd5 14. Ne4 ({
Kräftiger ist} 14. f5 $5 Bc5+ 15. Kh1 Bd4 16. fxe6 Qxe6 (16... dxe6 $2 17. Nxb5
$1 $18) 17. Bf5 Qxe5 18. Qd3 $1 Ne7 19. Rae1 Qd6 20. Be4 (20. Bf4 $16) 20...
Bc6 21. Bf4 Qc5 22. Bxc6 Rxc6 23. Ne4 $16 {1-0 Larsen,B-Spangenberg,H/La Plata
1997/CBM 62 ext (38)}) 14... O-O (14... g6 15. Kh1 O-O 16. Rae1 Rfe8 17. Qf3 f5
18. exf6 Nxf6 19. Qh3 Nxe4 20. Bxe4 Qb6 21. Bc3 Bxe4 22. Rxe4 Rf8 $11 {1/2-1/2
Tolnai,T-Horvath,J/Budapest 1989/TD (42)}) 15. Rae1 (15. f5 f6 16. fxe6 Qxe6
17. exf6 Nxf6 18. Nxf6+ Rxf6 19. Qxe6+ dxe6 20. Be3 (20. Bc3 Rxf1+ 21. Rxf1
Bxa3 $17) 20... e5 21. Rxf6 gxf6 22. Bf5 $11) 15... f6 16. exf6 Nxf6 17. Ng5 b4
$1 {Mit einem kleinen taktischen Witz schafft Schwarz sich etwas mehr Raum am
Damenflügel.} 18. axb4 Bxb4 19. c3 (19. Bxb4 Qb6+ 20. Rf2 Qxb4 21. c3 Qb6 $11)
19... Bd6 {Weiss düfte noch um eine mikroskopische Wenigkeit besser stehen.}
1/2-1/2

[Event "RUS-ch"]
[Site "Elista"]
[Date "1994.??.??"]
[Round "7"]
[White "Dvoirys, Semen I"]
[Black "Rublevsky, Sergei"]
[Result "0-1"]
[WhiteElo "2535"]
[BlackElo "2565"]
[Annotator "Moiseev,V"]
[PlyCount "84"]
[EventDate "1994.09.??"]
[EventType "swiss"]
[EventRounds "11"]
[EventCountry "RUS"]
[SourceTitle "CBM 044"]
[Source "ChessBase"]
[SourceDate "1995.02.01"]
[SourceVersion "1"]
[SourceVersionDate "1995.02.01"]
[SourceQuality "1"]

1. e4 {Ribli} c5 2. Nf3 e6 3. d4 cxd4 4. Nxd4 Nc6 5. Nc3 Qc7 6. f4 a6 7. Nf3 (
7. Be2) (7. Nxc6) 7... Bc5 8. Bd3 b5 9. e5 (9. Qe2 Nd4 10. Nxd4 Bxd4 11. Nd1 {N
} (11. Bd2) 11... Nf6 (11... Bb7 $5) 12. c3 Bc5 $13 {Dvoirys,S-Tregubov,P/
Rostov(op)/1993/1:0/44/ Inf 58/219/} (12... Bc5 {Ribli} 13. e5 Nd5 14. Nf2 Bb7
15. Ne4 O-O 16. Nxc5 Qxc5 17. Qf2 Qxf2+ 18. Kxf2 f6 $13 {Dvoirys,S-Tregubov,P/
Rostov op/1993/INF58,219/})) 9... f5 10. g4 $6 (10. Qe2 Qa7 $1 (10... Nh6) 11.
g4 $6 (11. Bd2 $5) 11... fxg4 12. Ng5 Nh6 13. Nce4 Nd4 14. Qd1 Bb7 $17 {
Hector,J-Zvjaginsev,V/Berlin/1993/0:1/30/}) (10. exf6 {Ribli} Nxf6 11. Ng5 Nb4
$1 $15 (11... Bb7 12. Nce4 $14 {Kirov,N-Taimanov,M/Wroclaw/1979/INF28,355/}))
10... Nge7 $1 (10... fxg4 $2 11. Ng5 $40) 11. gxf5 exf5 $15 12. a4 $6 (12. Qe2
Bb7 13. Rf1 Nd4 14. Nxd4 Bxd4 15. Bd2 b4 $15) 12... b4 13. Ne2 d6 $1 $17 14.
exd6 Qxd6 15. Ng3 Bb7 (15... O-O {Ribli} 16. Bc4+ Kh8 17. Qxd6 Bxd6 18. Ng5 $36
) 16. Qe2 O-O (16... Nd4 $2 17. Nxd4 Bxh1 18. Ndxf5 $40) 17. Bd2 (17. Rf1 Rae8
$19) (17. Be3 {Ribli} Bxe3 18. Qxe3 Nd5 $17) 17... Nd4 18. Nxd4 Bxd4 19. O-O-O
(19. Rf1 Rae8 (19... Bxb2) (19... Bxb2 {Ribli} 20. Rb1 Rae8 $19) 20. O-O-O Nd5
21. Nxf5 Bxb2+ $19) 19... Bxh1 20. Rxh1 Rfe8 21. Bc4+ Kh8 22. Re1 {/\ 23 Nf5}
Qf6 $1 23. b3 (23. Nh5 {Ribli} Bxb2+ 24. Kb1 Qd4 25. Be3 Qc3 26. Bd2 Qa3 27.
Ba2 Bd4 28. Bc1 Qc3 $19) 23... Bb2+ 24. Kb1 Ba1 $1 25. Bc1 Bc3 $19 26. Rd1 (26.
Bd2 Bxd2 27. Qxd2 Nc6 $19) 26... Nc6 27. Qg2 Nd4 28. Rg1 g6 29. Nf1 Rad8 30.
Ne3 a5 31. Nd5 Qc6 32. Rd1 Rd6 33. Be3 Re4 34. Nxc3 Rxe3 35. Qxc6 Rxc6 36. Nb5
(36. Nd5 Re4 $19) 36... Ne2 37. Rd8+ Kg7 38. Rd7+ Kh6 39. Bg8 Nxf4 40. h4 Kh5
41. Rxh7+ Kg4 42. Bc4 Rc8 0-1

[Event "RUS-ch"]
[Site "Elista"]
[Date "1994.??.??"]
[Round "9"]
[White "Akhmadeev, Vadim"]
[Black "Poluljahov, Aleksandr"]
[Result "0-1"]
[WhiteElo "2395"]
[BlackElo "2485"]
[Annotator "Moiseev,V"]
[PlyCount "54"]
[EventDate "1994.09.??"]
[EventType "swiss"]
[EventRounds "11"]
[EventCountry "RUS"]
[SourceTitle "CBM 044"]
[Source "ChessBase"]
[SourceDate "1995.02.01"]
[SourceVersion "1"]
[SourceVersionDate "1995.02.01"]
[SourceQuality "1"]

1. e4 {Ribli} c5 2. Nf3 e6 3. d4 cxd4 4. Nxd4 Nc6 5. Nc3 Qc7 6. g3 a6 7. Bg2 d6
8. O-O Bd7 9. Kh1 $6 (9. Nxc6) (9. Re1) (9. a4 Nf6 10. Nxc6 (10. Nb3 {Ribli}
Be7 11. a5 Ne5 12. f4 Nc4 13. Qe2 O-O 14. g4 $5 $14 {Kindermann,S-Lau,R/
Altensteig/1989/CBM14/}) 10... bxc6 11. a5 Be7 12. Be3 O-O 13. Na4 $14 {
Almasi,Z-Ionov,S/Tilburg/1994/1:0/43/}) (9. Re1 {Ribli} Be7 10. Nxc6 Bxc6 11.
Qg4 h5 12. Qe2 h4 13. Bf4 Rc8 14. Rad1 e5 15. Be3 Nf6 16. Bg5 Nh7 $10 {
Stefansson,H-Zvjaginsev,V/Reykjavik op/1994/EXP39/}) 9... Nf6 10. Nde2 Be7 11.
h3 b5 12. a3 O-O 13. g4 Bc8 $1 $146 (13... Rfc8 14. g5 Ne8 15. f4 Rab8 16. Ng3
Bf8 17. Qe2 b4 18. axb4 Nxb4 19. f5 $16 {Gaprindashvili,N-Timman,J/Tbilisi/
1971/0:1/71/ Inf 12/387/}) 14. Ng3 Re8 15. g5 Nd7 16. f4 Bf8 17. f5 Rb8 $5 {
/\ 18...a5} 18. f6 $6 (18. Qe2 $5 {/\ 19 Qf2}) (18. h4 $5 {Ribli}) 18... g6 19.
Nce2 Bb7 $15 20. h4 (20. b3 $5) 20... Nde5 21. Nf4 Rbd8 22. h5 d5 $1 $17 23.
exd5 exd5 24. hxg6 hxg6 25. Nxd5 $2 (25. Bxd5 $2 Nb8 (25... Na5 $19 {Ribli})
26. Kh2 Bxd5 27. Nxd5 Qc6 $19) (25. Nd3 Nxd3 (25... Nc4 $5 $17) 26. Qxd3 Ne5
27. Bf4 d4 $17) 25... Qc8 $1 $19 26. Rf4 (26. Bf4 Rxd5 (26... Na5 $19 {Ribli})
27. Qxd5 Na5 28. Qd2 Qh3+ 29. Kg1 Bc5+ $19) 26... Rxd5 $1 27. Qxd5 (27. Bxd5
Qh3+ $19) 27... Na5 (27... Na5 28. Qd2 Qh3+ 29. Kg1 Qxg3 $19) 0-1

[Event "Tel Aviv ASA"]
[Site "Tel Aviv"]
[Date "1995.??.??"]
[Round "2"]
[White "Har Zvi, Ronen"]
[Black "Bykhovsky, Anatoly A"]
[Result "1-0"]
[WhiteElo "2500"]
[BlackElo "2420"]
[Annotator "Mowsziszian,K"]
[PlyCount "54"]
[EventDate "1995.??.??"]
[EventType "tourn"]
[EventRounds "9"]
[EventCountry "ISR"]
[EventCategory "10"]
[SourceTitle "CBM 050"]
[Source "ChessBase"]
[SourceDate "1996.02.01"]
[SourceVersion "1"]
[SourceVersionDate "1996.02.01"]
[SourceQuality "1"]

1. e4 c5 2. Nf3 Nc6 3. d4 cxd4 4. Nxd4 Qc7 5. Nc3 e6 6. g3 d6 7. Bg2 Bd7 (7...
Nxd4 8. Qxd4 {@} Be7 (8... Bd7 9. Bf4 $1 (9. a4 a6 10. Be3 Nf6 11. Qb6 Qxb6 12.
Bxb6 Bc6 13. O-O Be7 14. Rfe1 Rc8 15. Rad1 O-O 16. f4 Nd7 17. Bd4 Rfe8 18. b3
g6 19. Bf1 Bd8 20. Na2 f5 $10 {1/2-1/2 Van Riemsdijk,H-Zapata,A/Manila izt (06)
;CBM 19 1990 (57)}) 9... e5 10. Nd5 Qb8 11. Qc4 exf4 12. Nc7+ Kd8 13. Nxa8 fxg3
14. hxg3 Qxa8 15. e5 $40 Be6 16. Qb4 Qc8 17. O-O-O b6 18. exd6 $18 {Benjamin,
J-Zapata,A/St.Martin op (05) ;TD 92\05 1992/1-0 (30)}) 9. O-O Nf6 10. Nb5 Qd7
11. c4 O-O 12. Rd1 Rd8 13. Nxa7 e5 14. Qb6 Qa4 15. Be3 Nd7 16. Qc7 Rxa7 17.
Bxa7 Qxa7 18. Rxd6 $1 $16 {Vogt,L-Von Gleich,A/BL 9192 (1992) ;BL 90 1992/1-0 
(52)}) 8. Ndb5 $5 $36 (8. O-O Be7 9. Nb3 Rc8 10. Be3 Nf6 11. f4 h5 12. h3 Kf8
$5 {1-0 Vuksanovic,S-Micic,S/JUG-chW ;TD 92\07 1990 (51)}) 8... Qb8 9. Bf4 Ne5
(9... e5 $2 {><d5}) 10. Qd4 {/\O-O-O,Be5} a6 {[]} 11. Nxd6+ Bxd6 12. O-O-O g5
$5 (12... Nd3+ 13. Rxd3 Bxf4+ 14. gxf4 Qxf4+ 15. Kb1 Nf6 (15... O-O-O 16. Rhd1
Ne7 17. Qc5+ Nc6 18. Na4 $18) 16. e5 Qxd4 17. Rxd4 Nd5 18. Nxd5 exd5 19. Bxd5
Rb8 20. Bxf7+ $18) 13. Bxe5 Bxe5 14. Qxd7+ Kf8 15. Ne2 g4 16. h3 h5 17. Qd2 {
Droht 18.hg4hg4 19.Qg5, und Weiß gewinnt  die  zweite Bauern} Qc7 {><c2} 18.
Nf4 Ne7 19. Nd3 Bg7 20. hxg4 hxg4 21. Rxh8+ Bxh8 22. Qf4 Rc8 23. Qxc7 Rxc7 24.
Rh1 Ng6 25. Rh5 Bd4 $2 (25... Bf6 26. e5 Be7 {verlirt nicht  die  Bauern  auf
g4}) 26. e5 Ke7 27. c3 b5 {Schwarz gibt  auf, nach28.Kd2 Bb6 29.Rg5 Schwarz 
verlirt  die zweite  Bauern} 1-0

[Event "Bundesliga 0506"]
[Site "Germany"]
[Date "2005.12.11"]
[Round "6.1"]
[White "Lutz, Christopher"]
[Black "Nisipeanu, Liviu Dieter"]
[Result "1/2-1/2"]
[WhiteElo "2609"]
[BlackElo "2707"]
[Annotator "Mueller,Karsten"]
[PlyCount "145"]
[EventDate "2005.10.21"]
[EventType "team-tourn"]
[EventRounds "15"]
[EventCountry "GER"]
[SourceTitle "CBM 111"]
[Source "ChessBase"]
[SourceDate "2006.04.04"]
[SourceVersion "1"]
[SourceVersionDate "2006.04.04"]
[SourceQuality "1"]
[WhiteTeam "Porz"]
[BlackTeam "Kreuzberg"]
[WhiteTeamCountry "GER"]
[BlackTeamCountry "GER"]

1. e4 c5 2. Nf3 e6 3. d4 cxd4 4. Nxd4 Nc6 5. Nc3 Qc7 6. Be3 Nf6 7. Ndb5 Qb8 8.
f4 d6 9. Qf3 Be7 10. Bd3 a6 11. Nd4 O-O 12. O-O Nxd4 13. Bxd4 e5 14. Bb6 exf4
15. Qxf4 Be6 16. Nd5 Bd8 17. Bxd8 Qxd8 18. Nxf6+ Qxf6 19. Qxf6 gxf6 20. Rxf6
Rfc8 21. Kf2 Rc5 22. Rf3 Kf8 23. Ke3 Rh5 24. Rh1 Ke7 25. Rg3 Rc8 26. a3 a5 27.
h3 h6 28. Rf1 b5 29. c3 Re5 30. Kd2 Rb8 31. Ra1 Bc4 32. b4 Bxd3 33. Kxd3 Ra8
34. Rf1 axb4 35. axb4 d5 36. Re3 Rd8 37. exd5 Rdxd5+ 38. Ke2 Rxe3+ 39. Kxe3 Ke6
40. Rf4 h5 41. Re4+ Kf6 42. Rd4 Rg5 43. Kf3 Ke6 44. Rd8 h4 45. Rc8 Rf5+ 46. Ke3
Re5+ 47. Kf2 Rf5+ 48. Kg1 Rd5 49. Rc6+ Ke5 50. Rc5 Ke4 51. Rxd5 Kxd5 52. Kf2
Ke4 53. Ke2 Ke5 54. Ke3 Kd5 55. Kf3 f6 56. Kf4 f5 57. Ke3 Ke5 {[%tqu "De",
"Weiß zieht und gewinnt","","","e3d3","",0,"e3f3","",6]} 58. Kd3 $2 {[%mdl
4096]} (58. Kf3 {[%cal Gg2g3,Gh3h8] und Weiß bildet sich einen entfernten
Freibauern, der den Tag entscheidet:} Kd5 (58... f4 59. Kg4 Ke4 60. Kxh4 $18)
59. Kf4 Kc4 60. g3 hxg3 61. Kxg3 Kxc3 62. h4 Kxb4 63. h5 $18) 58... Kf4 $1 59.
c4 bxc4+ 60. Kxc4 $6 (60. Kc3 Kg3 61. b5 Kxg2 62. b6 f4 63. b7 f3 64. b8=Q f2
65. Qb7+ Kg1 66. Qg7+ Kh2 67. Qf6 Kg2 68. Qc6+ Kg1 69. Qc5 Kg2 70. Qd5+ Kg1 71.
Qg8+ Kh2 72. Qxc4 Kg2 73. Qxh4 f1=Q 74. Qg4+ Kh2 75. h4 $11 {gibt Weiß noch
praktische Chancen.}) (60. Kd4 Kg3 61. b5 Kxg2 62. b6 c3 $1 (62... f4 $2 63. b7
f3 64. b8=Q f2 65. Qb7+ Kg1 66. Qg7+ Kh2 67. Qf8 Kg2 68. Qg8+ Kh2 69. Qxc4 Kg1
70. Ke3 f1=Q 71. Qxf1+ Kxf1 72. Kf3 $18) 63. Kxc3 f4 64. b7 f3 65. b8=Q f2 $11)
60... Kg3 61. b5 Kxg2 62. b6 f4 63. b7 f3 64. b8=Q f2 {und es ist eine
bekannte Remisstellung erreicht, weil der weiße Monarch gerade zu weit
entfernt ist:} 65. Qb7+ Kg1 66. Qg7+ Kh2 67. Qf6 Kg2 68. Qg5+ (68. Qxh4 f1=Q+ {
[%cal Gf1c4] und Schwarz hält relativ leicht remis.}) 68... Kxh3 69. Qf4 Kg2
70. Qg4+ Kh2 71. Qxh4+ {[%csl Gd1,Gd2,Gd3,Ge3,Gf3,Gf4,Gg4,Gh4] Der weiße König
ist gerade außerhalb der Gewinnzone (d1-d3-f3-f4-h4 und die inneren Felder wie
e2)} Kg1 72. Qg3+ Kh1 {Die typische Pattverteidigung.} 73. Qxf2 {patt} 1/2-1/2

[Event "RUS-chT 11th"]
[Site "Sochi"]
[Date "2004.04.27"]
[Round "8.2"]
[White "Dolmatov, Sergey"]
[Black "Volokitin, Andrei"]
[Result "1/2-1/2"]
[WhiteElo "2573"]
[BlackElo "2600"]
[Annotator "Mueller,Karsten"]
[PlyCount "150"]
[EventDate "2004.04.20"]
[EventType "team-tourn"]
[EventRounds "9"]
[EventCountry "RUS"]
[SourceTitle "EXT 2020"]
[Source "ChessBase"]
[SourceDate "2019.10.17"]
[SourceVersion "1"]
[SourceVersionDate "2019.10.17"]
[SourceQuality "1"]
[WhiteTeam "Samara Termosteps"]
[BlackTeam "Nizhny Tagil Politekhnik"]
[WhiteTeamCountry "RUS"]
[BlackTeamCountry "RUS"]

1. e4 c5 2. Nf3 e6 3. d4 cxd4 4. Nxd4 Nc6 5. Nc3 Qc7 6. Be2 a6 7. O-O b5 8.
Nxc6 dxc6 9. f4 Bb7 10. Bf3 Bc5+ 11. Kh1 Ne7 12. Qe2 O-O 13. Be3 Bxe3 14. Qxe3
c5 15. Rad1 Rfd8 16. g3 e5 17. f5 b4 18. Nb1 Rd6 19. Rxd6 Qxd6 20. Nd2 Qd4 21.
Qxd4 cxd4 22. Be2 Nc8 23. Bd3 Nd6 24. Kg1 a5 25. Kf2 Kf8 26. Ra1 g6 27. g4 gxf5
28. gxf5 Ke7 29. a3 Kf6 30. axb4 axb4 31. Rxa8 Bxa8 32. b3 Bc6 33. Kg3 Kg7 34.
Kf2 f6 35. Kg3 Kh6 36. Kh4 Nb7 37. Kg4 Nc5 38. Kg3 Be8 39. Be2 Bf7 40. Kf2 Kg5
41. Kg3 Be8 42. Nf3+ Kh6 43. Nd2 Bc6 44. Bd3 Kh5 45. Be2+ Kg5 46. Bd3 Be8 47.
Be2 Bh5 48. Bxh5 Kxh5 49. Kh3 d3 50. cxd3 Nxd3 51. Kg3 Nc1 52. h4 Nd3 53. Nc4
Nc5 54. Nd2 Kh6 55. Kf3 Nd3 56. Nc4 Nc1 57. Nd2 Kg7 58. Kg3 h5 59. Kf2 Kf7 60.
Ke1 Ke7 61. Kd1 Nd3 62. Ke2 Nc5 63. Ke3 Kd6 64. Ke2 Kc6 65. Ke3 Kb6 66. Ke2 Kb5
67. Ke3 Nxb3 $5 {A final, couragous attempt at winning, but one which Dolmatov
easily avoids.  ein letzter, mutiger Gewinnversuch, den Dolmatov allerdings
mit leichter Hand abwehrt:} 68. Nxb3 Kc4 69. Nd2+ $1 (69. Nc1 $2 b3 70. Nxb3
Kxb3 71. Kd3 Kb4 $19) 69... Kc3 70. Nb1+ Kc2 71. Nd2 b3 72. Nc4 b2 73. Nd2 $1 (
73. Nxb2 $2 Kxb2 74. Kd2 (74. Kd3 Kb3 $19) 74... Kb3 75. Kd3 Kb4 $19 {[%cal
Gb4e4]}) 73... Kc3 74. Nb1+ Kc2 75. Nd2 Kc3 (75... b1=Q $6 76. Nxb1 Kxb1 77.
Kd3 Kc1 78. Kc4 Kd2 79. Kd5 Ke3 80. Ke6 Kxe4 81. Kxf6 Kd5 82. Kg5 e4 83. f6 e3
84. f7 e2 85. f8=Q e1=Q {may be theoretically drawn, but is practically not so
easy. ist zwar theoretisch remis, aber praktisch unbequem.}) 1/2-1/2

[Event "SCG-ch 2nd"]
[Site "Pancevo"]
[Date "2006.02.27"]
[Round "1"]
[White "Krivokapic, Marko"]
[Black "Kontic, Djordjije"]
[Result "1/2-1/2"]
[WhiteElo "2352"]
[BlackElo "2355"]
[Annotator "Mueller,Karsten"]
[PlyCount "98"]
[EventDate "2006.02.27"]
[EventType "tourn"]
[EventRounds "13"]
[EventCountry "YUG"]
[EventCategory "11"]
[SourceTitle "CBM 112"]
[Source "ChessBase"]
[SourceDate "2006.06.07"]
[SourceVersion "1"]
[SourceVersionDate "2006.06.07"]
[SourceQuality "1"]

1. e4 c5 2. Nf3 e6 3. d4 cxd4 4. Nxd4 Nc6 5. Nc3 a6 6. Be2 Qc7 7. O-O Nf6 8.
Kh1 h5 9. f4 Nxd4 10. Qxd4 Bc5 11. Qd3 Ng4 12. e5 d5 13. exd6 Qxd6 14. Ne4 Qxd3
15. Bxd3 Be7 16. Bd2 Bd7 17. Rae1 O-O-O 18. Ng5 Bb5 19. Nxf7 Bxd3 20. cxd3 Rxd3
21. Nxh8 Rxd2 22. f5 e5 23. Ng6 Bd8 24. Nxe5 Rxb2 25. a4 Rb4 26. Rc1+ Kb8 27.
Rc4 Nf2+ 28. Kg1 Rxc4 29. Nxc4 Ne4 30. g3 Nc5 31. Rd1 Bf6 32. a5 Kc7 33. h3 Kc6
34. Kg2 Kb5 35. Rc1 Nb3 36. Nd6+ Kxa5 37. Nxb7+ Kb6 38. Rb1 Kxb7 39. Rxb3+ Kc6
40. Kf3 a5 41. g4 hxg4+ 42. hxg4 a4 43. Rb8 Kc5 44. Ke4 a3 45. Ra8 Bb2 46. g5
$2 {[%mdl 4096] Verstößt gegen den Grundsatz "Übereile nichts". Zunächst
musste das Gegenspiel entschärft werden:} (46. Kd3 Kb4 (46... Kd6 47. g5 Ke5
48. f6 gxf6 49. g6 $18) 47. g5 Kb3 48. Rb8+ Ka2 49. Kc2 $18) 46... Kc4 $1 {
Bodycheck!} 47. f6 (47. Ra7 Kb3 48. Kd3 a2 49. Rb7+ Ka3 50. Kc4 Be5 $11 (50...
a1=Q $4 51. Ra7#)) 47... gxf6 48. gxf6 (48. g6 f5+ 49. Kxf5 Kb3 $11) 48... Bxf6
49. Rxa3 Kc5 1/2-1/2